Equipos participantes en la Conmebol Libertadores - Estadísticas

Estadísticas generales
  • Esta prueba ha sido intentada 26 veces
  • La puntuación promedio es 66 de 205
Estadísticas de respuestas
Respuesta % Correcto
Boca Juniors
92%
River Plate
92%
El Nacional
88%
Colo-Colo
84%
Independiente
84%
Palmeiras
84%
Atlético Nacional
80%
Racing Club
80%
Racing de Montevideo
80%
Argentinos Juniors
76%
Atlético Mineiro
76%
Botafogo
76%
Corinthians
76%
Flamengo
76%
Fluminense
76%
Nacional
76%
Estudiantes de la Plata
72%
Estudiantes de Mérida
72%
Newell's Old Boys
72%
Santos
72%
São Paulo
72%
América
68%
Internacional
68%
Lanús
68%
San Lorenzo
68%
Tigre
68%
Alianza Lima
64%
Rosario Central
64%
Talleres de Córdoba
64%
Universidad de Chile
64%
Arsenal de Sarandí
60%
Bolívar
60%
Cruz Azul
60%
Gimnasia y Esgrima de la Plata
60%
Grêmio
60%
Guadalajara
60%
Olimpia
60%
Peñarol
60%
Vélez Sarsfield
60%
Banfield
56%
Barcelona
56%
Colón
56%
Ferro Carril Oeste
56%
Godoy Cruz
56%
Athletico Paranaense
52%
Cerro
52%
Defensa y Justicia
52%
Monterrey
52%
Once Caldas
52%
Tigres UANL
52%
Universidad Católica
52%
Universitario
52%
Vasco da Gama
52%
América de Cali
48%
Atlético Tucuman
48%
Cerro Porteño
48%
Cobreloa
48%
Cobresal
48%
Emelec
48%
Huracan
48%
Junior
48%
Millonarios
48%
Pumas UNAM
48%
Bahia
44%
Caracas
44%
Cruzeiro
44%
Patronato
44%
Quilmes
44%
Sporting Cristal
44%
The Strongest
44%
Central Córdoba
40%
Chapecoense
40%
Independiente del Valle
40%
Independiente Medellín
40%
Libertad
40%
Liga de Quito
40%
Liverpool
40%
Pachuca
40%
Paraná
40%
Santiago Wanderers
40%
São Caetano
40%
Atlético Bucaramanga
36%
Deportivo Táchira
36%
Oriente Petrolero
36%
Palestino
36%
Santa Fe
36%
Coquimbo Unido
32%
Deportivo Cali
32%
Fortaleza
32%
Huachipato
32%
Necaxa
32%
San Antonio Bulo Bulo
32%
Unión Española
32%
Audax Italiano
28%
Cienciano
28%
Coritiba
28%
Danubio
28%
Deportes Tolima
28%
Everton
28%
León
28%
León de Huánuco
28%
Melgar
28%
América Mineiro
24%
Cúcuta Deportivo
24%
Deportivo Pereira
24%
Goiás
24%
Jorge Wilstermann
24%
O'Higgins
24%
Tijuana
24%
Unión La Calera
24%
Always Ready
20%
Atlas
20%
Bragantino
20%
Carabobo
20%
Defensor Sporting
20%
Montevideo Wanderers
20%
Real Potosí
20%
Santos Laguna
20%
Sport Recife
20%
Universidad San Martín
20%
Zulia
20%
Atlante
16%
Aucas
16%
Deportivo Pasto
16%
Guarani
16%
Guaraní
16%
Independiente Petrolero
16%
Magallanes
16%
Portuguesa
16%
Sol de América
16%
Sport Boys
16%
Toluca
16%
12 de Octubre
12%
Blooming
12%
Cusco
12%
Deportes Concepción
12%
Deportes Iquique
12%
Deportivo La Guaira
12%
Deportivo Lara
12%
Deportivo Quito
12%
Juventude
12%
Mineros de Guayana
12%
San José
12%
Unión Magdalena
12%
Universidad de Concepción
12%
Universitario de Sucre
12%
Zamora
12%
Aurora
8%
Binacional
8%
Boston River
8%
Boyacá Chicó
8%
Delfín
8%
Deportivo Capiatá
8%
Juan Aurich
8%
Metropolitanos
8%
Monagas
8%
Monarcas Morelia
8%
Ñublense
8%
Paulista
8%
Paysandu
8%
Trujillanos
8%
Unión San Felipe
8%
31 de Octubre
4%
Atlético Colegiales
4%
Bangú
4%
Bella Vista
4%
Chiapas
4%
Cortuluá
4%
Criciúma
4%
Deportivo Petare
4%
Espoli
4%
Fénix
4%
Filanbanco
4%
Guabirá
4%
Marítimo
4%
Minervén
4%
Náutico
4%
Olmedo
4%
Progreso
4%
Rangers
4%
Rentistas
4%
Rocha
4%
Sportivo Luqueño
4%
Universidad César Vallejo
4%
9 de Octubre
0%
Alfonso Ugarte
0%
América de Quito
0%
Atlético Chalaco
0%
Atlético Torino
0%
Chaco Petrolero
0%
Coronel Bolognesi
0%
Defensor Lima
0%
Deportivo Cuenca
0%
Deportivo Municipal
0%
Litoral
0%
San Agustín
0%
Santo André
0%
Técnico Universitario
0%
Unión Huaral
0%
UTC
0%
No se encontraron pruebas coincidentes
Distribución de puntuación
Porcentaje de gente con cada puntuación
Porcentaje por número respondido
Historial de tus puntuaciones
No has intentado esta prueba.